000 00549nam a2200193 i 4500
001 99165
003 ES-MaACL
005 20230906182443.0
007 t|
008 050902s1959 sp ||||1| spa d
100 1 _aAgacir.
_977504
245 1 0 _aCalor de llama /
_cManuel Fulgencio Martín García.
260 _aToledo :
_b[s.n.],
_c1959.
300 _a151 p., 4 h. ;
_c18 cm.
852 _aES-MaACL
_jC-25536
_bR.54048
852 _aES-MaACL
_jC-48689
_bR.80824
852 _aES-MaACL
_jF-10139
_bR.65895
852 _aES-MaACL
_jE-5050
_bR.89050
999 _c99165
_d99165